00877nam a2200121 4500008001100000082001600011100001600027245004000043260003400083300003500117505053500152650006800687707 AY989c a707bAY989c aEl Matadero aCentro de Residencias Artísticas  aMadridbMatadero Madridc2018 a32 p.bil. (col)c21 x 14,8 cm tEspacios de trabajo para agentes de la ciudadtPrograma de residencias artísticas de Matadero Madrid -AECIDtPrograma de residentes de investigación colaborativatGrupo de educacióntGrupo de estudio de ecologíastEspacio AfroConcienciastPrograma de residencias de creadores en escuelas de Levadura tPrograma piloto de residencias musicalestResidencias de pensamientotArchivo de creadorestActividades educativas para todos los públicostEspacio de aventuras Ciudad DiwotArte MayortComité adolescentetAprendanza xarte contemporáneoxresidencias artísticasxMatadero Madrid